[Event "Arctic Cup u16"]
[Site "Salekhard RUS"]
[Date "2003.10.11"]
[Round "9"]
[White "Saitov,I"]
[Black "Kuznetsov,Vi2"]
[Result "1-0"]
[WhiteElo "2050"]
[BlackElo "2367"]

1.e4 c5 2.Ne2 Nc6 3.Nbc3 d6 4.d4 cxd4 5.Nxd4 e6 6.g3 a6 7.Bg2 Qc7 8.O-O Nf6
9.Re1 Bd7 10.Be3 Be7 11.g4 Nxd4 12.Bxd4 e5 13.g5 exd4 14.gxf6 dxc3 15.fxe7 cxb2
16.Rb1 Bc6 17.e5 d5 18.e6 Qf4 19.exf7+ Qxf7 20.Rxb2 h5 21.c4 dxc4 22.Bxc6+ bxc6
23.Qd6 Qd5 24.Rb8+ Kf7 25.Qf4+ Kg6 26.Rxh8 Rxh8 27.e8=Q+ Rxe8 28.Rxe8 c3
29.Qe4+ Kf7 30.Qxd5+  1-0

[Event "zt 2.3"]
[Site "Guayaquil ECU"]
[Date "2003.10.12"]
[Round "10"]
[White "Delgado Kuffo,A"]
[Black "Garcia,Gild"]
[Result "1/2-1/2"]
[WhiteElo "2372"]
[BlackElo "2470"]

1.e4 c5 2.Nf3 Nc6 3.Nc3 g6 4.d4 cxd4 5.Nxd4 Bg7 6.Be3 Nf6 7.Bc4 Qa5 8.O-O O-O
9.Bb3 d6 10.h3 Bd7 11.f4 Qh5 12.Qxh5 Nxh5 13.Nde2 Nf6 14.Rad1 a6 15.e5 Ne8
16.Nd5 Be6 17.exd6 Nxd6 18.Nxe7+ Nxe7 19.Bxe6 fxe6 20.Rxd6 Nf5 21.Rd3 Bxb2
22.Rb1 Bf6 23.Rxb7 Rac8 24.c3 Rfd8 25.Rxd8+ Rxd8 26.Bd4  1/2-1/2

[Event "Femida Open"]
[Site "Kharkov UKR"]
[Date "2003.10.12"]
[Round "5"]
[White "Rohonyan,K"]
[Black "Sulejmanova,A"]
[Result "1-0"]
[WhiteElo "2369"]
[BlackElo "2230"]

1.e4 c5 2.Nf3 Nc6 3.Nc3 d6 4.d4 cxd4 5.Nxd4 e5 6.Nde2 f5 7.g3 Nf6 8.Bg2 Be7
9.O-O O-O 10.exf5 Bxf5 11.Nd5 Nxd5 12.Qxd5+ Kh8 13.c3 Qd7 14.Be3 Rad8 15.f4 Be6
16.Qd2 Bh3 17.Qd5 Be6 18.Qd2 Bh3 19.Rad1 Bxg2 20.Kxg2 Rf5 21.h3 exf4 22.Rxf4 Ne5
23.Nd4 Nc4 24.Qe2 Nxe3+ 25.Qxe3 Rh5 26.g4 Re5 27.Qf3 h6 28.Rf7 Qe8 29.Rf1 Bf6
30.Rxf6 gxf6 31.Qxf6+ Kh7 32.Qf7+ Qxf7 33.Rxf7+ Kg6 34.Rxb7 a6 35.Rb6 h5
36.Rxa6 hxg4 37.hxg4 Re4 38.Kf3 Re1 39.Nf5 Rf1+ 40.Ke2 Rb1 41.Rb6 Kg5 42.Nxd6 Kxg4
43.Kd2 Kf4 44.Kc2 Ra1 45.Kb3 Ra8 46.a3 R8xa3+ 47.Kc4 Ra7 48.Nb5 Ra8 49.Rc6 Ke3
50.b4 Kd2 51.Kc5 Kc2 52.c4 R1a4 53.Nd6 Kb3 54.b5 Rb4 55.Rc7 Rb8 56.Kc6 Kc3
57.c5 Kd4 58.b6 Rb1 59.Rh7 Rc1 60.Rh4+ Ke5 61.Re4+ Kf6 62.b7  1-0

[Event "EuTCh w"]
[Site "Plovdiv BUL"]
[Date "2003.10.12"]
[Round "2"]
[White "Costantini,L"]
[Black "Agababean,N"]
[Result "1/2-1/2"]
[WhiteElo "2075"]
[BlackElo "2252"]

1.e4 c5 2.Nc3 Nc6 3.Bb5 Nd4 4.Bc4 a6 5.a4 g6 6.Nf3 Bg7 7.Nxd4 cxd4 8.Qf3 e6
9.Ne2 Qc7 10.d3 Ne7 11.O-O O-O 12.Bg5 Nc6 13.Bf6 Ne5 14.Qf4 d6 15.Bb3 Nc6
16.Rfc1 e5 17.Qf3 Bh6 18.Rd1 Be6 19.Bxe6 fxe6 20.Qh3 Rxf6 21.Qxh6 Raf8 22.f3 Nb4
23.c3 Nc6 24.c4 Qf7 25.Ng3 Nb4 26.a5 Nc2 27.Rac1 Ne3 28.Re1 Rf4 29.Nf1 Nxf1
30.Rxf1 Qf6 31.Rc2 Rh4 32.Qc1 g5 33.Rcf2 Rh6 34.b4 Rc8 35.Qd2 Qg6 36.Rc1 Qh5
37.h3 Rf8 38.b5 Qh4 39.Qe1 Qg3 40.Rb2 Qf4 41.bxa6 bxa6 42.Rb6 Rhf6 43.Rxd6 h5
44.Rc2 g4 45.hxg4 hxg4 46.Qc1 Qxc1+ 47.Rxc1 gxf3 48.gxf3 Rxf3 49.Rxe6 Rg3+
50.Kh2 Rxd3 51.Rxe5 Rf2+ 52.Kg1 Rdd2 53.Rg5+ Kh7 54.c5 Kh6 55.Rg3 Rc2 56.Rd1 Rfe2
57.Rgd3 Rxc5 58.Rxd4 Rxa5 59.Rc1 Raa2 60.Rd6+ Kg5 61.Rd8 Kf4 62.Rf8+ Ke3
63.e5 Kd2 64.Rcf1 Kd3 65.R8f2 Rxf2 66.Rxf2 Ra5 67.Rf6 Ke4 68.e6 Re5 69.e7 a5  1/2-1/2

[Event "1st Israel Int Op"]
[Site "Ashdod ISR"]
[Date "2003.10.13"]
[Round "3"]
[White "Shabanov,Y"]
[Black "Lerner,K"]
[Result "0-1"]
[WhiteElo "2422"]
[BlackElo "2524"]

1.e4 c5 2.Nc3 Nc6 3.Bb5 Nd4 4.Bc4 e6 5.Nf3 Ne7 6.O-O Nec6 7.Re1 g6 8.Bf1 Nxf3+
9.Qxf3 Bg7 10.Nb5 O-O 11.Nd6 Qc7 12.Nxc8 Raxc8 13.d3 f5 14.c3 f4 15.Qd1 b5
16.Bd2 a5 17.d4 cxd4 18.Bxb5 dxc3 19.Bxc3 Bxc3 20.bxc3 Ne5 21.Rc1 Qb6 22.a4 d6
23.Qd4 Qc7 24.Red1 Rfd8 25.Qd2 g5 26.Qc2 Kf7 27.Qe2 Kg6 28.Qa2 Kf6 29.Qe2 Qa7
30.h3 Qg7 31.f3 Qa7+ 32.Kh1 Qc5 33.Qd2 Rc7 34.Rc2 Ke7 35.c4 Ra7 36.Qc3 h5
37.Qe1 Ng6 38.Rcd2 g4 39.e5 Qxe5 40.Qxe5 Nxe5 41.c5 d5 42.Re2 Nf7 43.Rd4 Rc7
44.fxg4 hxg4 45.Rxf4 gxh3 46.c6 hxg2+ 47.Kxg2 Kd6 48.Rf6 Ne5 49.Rh6 Rg8+
50.Kf1 Re8 51.Ke1 Ree7 52.Rh8 Nxc6 53.Bxc6 Rxc6 54.Ra8 Rc1+ 55.Kd2 Rec7 56.Rxa5 R7c2+
57.Kd3 Rc3+ 58.Kd2 e5 59.Ra8 e4  0-1

[Event "EuTCh w"]
[Site "Plovdiv BUL"]
[Date "2003.10.14"]
[Round "4"]
[White "Velcheva,M"]
[Black "Dembo,Y"]
[Result "1/2-1/2"]
[WhiteElo "2295"]
[BlackElo "2415"]

1.e4 c5 2.Nf3 Nc6 3.Nc3 d6 4.d4 cxd4 5.Nxd4 Nf6 6.g3 g6 7.Nde2 b6 8.Bg2 Ba6
9.O-O Bg7 10.Re1 Rc8 11.h3 O-O 12.Bg5 h6 13.Be3 Na5 14.b3 Qc7 15.Rc1 e6 16.Qd2 Kh7
17.a4 Rfd8 18.f4 Bxe2 19.Nxe2 d5 20.e5 Ne4 21.Qd3 Nc5 22.Qd2 Ne4 23.Qd3 Nc5
24.Qd2 Ne4  1/2-1/2

[Event "EuTCh w"]
[Site "Plovdiv BUL"]
[Date "2003.10.15"]
[Round "5"]
[White "Mamedjarova,Z"]
[Black "Georgieva,Li"]
[Result "0-1"]
[WhiteElo "2345"]
[BlackElo "2252"]

1.e4 c5 2.Nc3 Nc6 3.Nf3 g6 4.d4 cxd4 5.Nxd4 Bg7 6.Be3 d6 7.Qd2 Nf6 8.f3 Bd7
9.O-O-O h5 10.Kb1 a6 11.Nd5 Nxd5 12.exd5 Ne5 13.h3 Qc7 14.b3 Bf5 15.f4 Nd7
16.Nxf5 gxf5 17.Bd4 Bf6 18.Be2 h4 19.Bf3 Rc8 20.Bxf6 Nxf6 21.Rhe1 Rg8 22.Re3 Kd8
23.Rde1 Re8 24.Qd3 Qd7 25.Kb2 Rc7 26.Qd4 b5 27.R1e2 Rc5 28.c3 Rc7 29.Qb6 Qc8
30.Rxe7 Rxe7 31.Qxd6+ Ke8 32.Rxe7+ Rxe7 33.Qxf6 Qc5 34.Qxh4 Qe3 35.Qf6 Qd2+
36.Ka3 Qc1+ 37.Kb4 Qxf4+ 38.Kc5 Qc7+ 39.Qc6+ Kd8 40.Qxc7+ Rxc7+ 41.Kb6 Rxc3
42.Kxa6 b4 43.h4 Rc2 44.h5 Rxa2+ 45.Kb7 Ra1 46.g3 Ra2 47.Kc6 Rb2 48.Kc5 Rxb3
49.h6 Rb2 50.Bh5 Rh2 51.Bxf7 b3 52.Bg6 Rxh6 53.Bxf5 b2 54.g4 Rh1 55.Kd6 b1=Q
56.Bxb1 Rxb1 57.Ke6 Rg1 58.Kf5 Ke7 59.g5 Rg2 60.Kg6 Rd2 61.Kg7 Rxd5 62.g6 Rg5  0-1

[Event "HSK IM"]
[Site "Hamburg GER"]
[Date "2003.10.17"]
[Round "7"]
[White "Murdzia,P"]
[Black "Petrosian,S"]
[Result "1/2-1/2"]
[WhiteElo "2446"]
[BlackElo "2439"]

1.e4 c5 2.Nf3 Nc6 3.Nc3 d6 4.Bb5 Bd7 5.O-O g6 6.d4 cxd4 7.Nxd4 Bg7 8.Be3 Nf6
9.h3 a6 10.Be2 O-O  1/2-1/2

[Event "EuTCh w"]
[Site "Plovdiv BUL"]
[Date "2003.10.17"]
[Round "6"]
[White "Skripchenko,A"]
[Black "Dembo,Y"]
[Result "1/2-1/2"]
[WhiteElo "2460"]
[BlackElo "2415"]

1.e4 c5 2.Nc3 Nc6 3.Bb5 Nd4 4.Bc4 e6 5.Nf3 Nf6 6.O-O a6 7.d3 Qc7 8.Nxd4 cxd4
9.Ne2 Nxe4 10.dxe4 Qxc4 11.b3 Qc7 12.Bb2 Bc5 13.Bxd4 O-O 14.c4 d6 15.Qd2 b6  1/2-1/2

[Event "300 Years Women"]
[Site "St Petersburg RUS"]
[Date "2003.10.18"]
[Round "1"]
[White "Lagvilava,G"]
[Black "Rumiantseva,M"]
[Result "1-0"]
[WhiteElo "2281"]
[BlackElo "2074"]

1.e4 c5 2.Nc3 Nc6 3.Bb5 d6 4.Bxc6+ bxc6 5.d3 e6 6.Nge2 Nf6 7.O-O Be7 8.h3 O-O
9.f4 d5 10.e5 Nd7 11.Ng3 Kh8 12.Bd2 Ba6 13.b3 Qc7 14.Nce2 f6 15.exf6 Bxf6
16.Rb1 Rae8 17.Nh5 e5 18.f5 Qd8 19.Nxf6 Nxf6 20.Bg5 Qd7 21.c4 e4 22.Ng3 exd3
23.Bxf6 Rxf6 24.Qxd3 Rd6 25.Rfe1 Rd8 26.Qe2 Qf7 27.Rbd1 Rf6 28.Qe7 Qxe7 29.Rxe7 Bc8
30.cxd5 Kg8 31.Rxa7 cxd5 32.Rc7 Bxf5 33.Rxc5 Be6 34.Rc7 Rg6 35.Kh2 Ra8 36.Rd2 h6
37.Ne2 Rf6 38.Nd4 Bf7 39.a4 Rb8 40.a5 Ra8 41.b4 Be8 42.Re2 Rf4 43.Rxg7+ Kh8
44.Rge7 Ba4 45.Rd2 Rb8 46.a6 Rxb4 47.Ne6 Rfc4 48.Rxd5  1-0

[Event "29th Guernsey Open"]
[Site "Les Dicqs GCI"]
[Date "2003.10.19"]
[Round "1"]
[White "Dorrington,C"]
[Black "Gravett,A"]
[Result "1/2-1/2"]
[WhiteElo "2175"]
[BlackElo "1958"]

1.e4 c5 2.Nc3 Nc6 3.Nge2 Nf6 4.d4 cxd4 5.Nxd4 g6 6.Be3 Bg7 7.Bc4 Ng4 8.Qxg4 Nxd4
9.Qd1 e5 10.O-O Qc7 11.Bd3 O-O 12.Nd5 Qd8 13.c3 Ne6 14.Qd2 d6 15.Rad1 Nc5
16.Bc2 Bd7 17.b4 Ne6 18.Bb3 Kh8 19.Bh6 f5 20.exf5 Bxh6 21.Qxh6 Rxf5 22.Qe3 Qh4
23.Qg3 Qh6 24.Qe3 Qh4 25.Bc2 Rf7 26.g3 Qh5 27.f4 Raf8 28.fxe5 Rf3 29.Rxf3 Rxf3
30.Qe4 Ng5 31.Qc4 Nh3+ 32.Kh1 Nf2+ 33.Kg1 Ng4 34.Rd2 Qxe5 35.Re2 Ne3 36.Nxe3 Rxe3
37.Bd3 Bg4 38.Qf7 Be6 39.Qe8+ Kg7 40.Qe7+ Kh8 41.Qe8+  1/2-1/2

[Event "EuTCh"]
[Site "Plovdiv BUL"]
[Date "2003.10.19"]
[Round "8"]
[White "Delchev,A"]
[Black "Shirov,A"]
[Result "1/2-1/2"]
[WhiteElo "2603"]
[BlackElo "2737"]

1.e4 c5 2.Nf3 Nc6 3.Nc3 g6 4.d4 cxd4 5.Nxd4 Bg7 6.Be3 Nf6 7.Bc4 O-O 8.Bb3 a5
9.O-O d6 10.h3 a4 11.Nxa4 Nxe4 12.Nb5 Rxa4 13.Bxa4 Bxb2 14.Rb1 Bg7 15.c4 Be6
16.Bb3 Qd7 17.Re1 Rc8 18.Rc1 Ne5 19.Bd4 Nc5 20.Rc3 Qd8 21.f4 Nc6 22.Bxg7 Kxg7
23.Kh2 Qh8 24.Qd2 Kf8 25.Rf3 h5 26.Rff1 Qf6 27.Rf2 Bf5 28.Rf3 Be4 29.Rff1 Bd3
30.Rf3 Be4  1/2-1/2

[Event "EuTCh w"]
[Site "Plovdiv BUL"]
[Date "2003.10.19"]
[Round "8"]
[White "Dembo,Y"]
[Black "Matveeva,S"]
[Result "1/2-1/2"]
[WhiteElo "2415"]
[BlackElo "2483"]

1.e4 c5 2.Nc3 Nc6 3.Bb5 Nd4 4.Bc4 e6 5.Nf3 Nf6 6.O-O a6 7.d3 b5 8.Bb3 Nxb3
9.axb3 Bb7 10.e5 Ng4 11.Bf4 d6 12.Qe2 Be7 13.exd6 Bxd6 14.Bxd6 Qxd6 15.Ne4 Qc7
16.h3 Nf6 17.Qe3 Nxe4 18.dxe4 O-O 19.Rad1 Rad8 20.Rd3 c4 21.Rc3 h6 22.Qe2 Qf4
23.bxc4 Qxe4 24.Qxe4 Bxe4 25.c5 b4 26.Rc4 Bxf3 27.gxf3 Rd5 28.Ra1 Rc8 29.Ra5 Rc6
30.Rxb4 Rdxc5 31.Rxc5 Rxc5 32.c3 g5 33.f4 a5 34.Ra4 gxf4 35.Rxf4 Rb5 36.Ra4 Rxb2
37.Rxa5 Rc2 38.Rc5 Kg7 39.Kg2 f5 40.Kf3  1/2-1/2

[Event "After Holidays IM"]
[Site "Tel Aviv ISR"]
[Date "2003.10.19"]
[Round "1"]
[White "Deutsch,E"]
[Black "Lymar,I"]
[Result "1-0"]
[WhiteElo "2316"]
[BlackElo "2392"]

1.e4 c5 2.Nc3 Nc6 3.Bb5 e6 4.Bxc6 bxc6 5.d3 e5 6.f4 d6 7.Nf3 exf4 8.Bxf4 Ne7
9.O-O Ng6 10.Bg5 f6 11.Be3 Be7 12.Ne2 O-O 13.Nf4 Ne5 14.h3 Bd7 15.Qd2 Qb6
16.b3 Qb4 17.c3 Qa5 18.d4 Nxf3+ 19.Rxf3 cxd4 20.Bxd4 Rf7 21.Re1 Bd8 22.Bf2 Bc7
23.Bg3 Re8 24.Nd3 Rfe7 25.Nf2 d5 26.Bxc7 Qxc7 27.Rfe3 Qf4 28.Qd4 a5 29.c4 Qe5
30.Rd1 Qxd4 31.Rxd4 dxe4 32.Rdxe4 Kf7 33.Rxe7+ Rxe7 34.Rxe7+ Kxe7 35.Ne4 Bf5
36.Nc5 Bb1 37.a3 Ba2 38.Kf2 a4 39.b4 Bxc4 40.Nxa4 Kd6 41.Nc5 Kc7 42.a4 Kb6
43.h4 Bd5 44.g3 Kc7 45.Ke3 Kd6 46.a5 Kc7 47.Kf4 Ba2 48.Kf5 Bc4 49.h5  1-0

[Event "EuTCh w"]
[Site "Plovdiv BUL"]
[Date "2003.10.20"]
[Round "9"]
[White "Velcheva,M"]
[Black "Hagarova,Z"]
[Result "1/2-1/2"]
[WhiteElo "2295"]
[BlackElo "2352"]

1.e4 c5 2.Nf3 Nc6 3.Nc3 g6 4.d4 cxd4 5.Nxd4 Bg7 6.Be3 Nf6 7.Bc4 O-O 8.Bb3 a5
9.a4 Ng4 10.Qxg4 Nxd4 11.Qh4 Nxb3 12.cxb3 Ra6 13.O-O Re6 14.Rad1 b6 15.Bd4 Bb7
16.Bxg7 Kxg7 17.Rd4 f5 18.Rfd1 d6 19.Qh3 Qa8 20.Nd5 Bxd5 21.exd5 Ref6 22.Rc4 Rc8
23.Qe3 Rxc4 24.bxc4 Qa7 25.Re1 Rf7 26.Qd4+ Kg8 27.Re3 Rf8 28.h4 h5 29.Re6 Kf7
30.Qf4 Qc7 31.b3 Rg8 32.Kh2 Rg7 33.f3 Kf8 34.Qg5 Kf7 35.Qf4 Kf8 36.Qg5 Kf7  1/2-1/2

[Event "29th Guernsey Open"]
[Site "Les Dicqs GCI"]
[Date "2003.10.21"]
[Round "3"]
[White "Gwaze,R"]
[Black "Rowe,P"]
[Result "1-0"]
[WhiteElo "2340"]
[BlackElo "2091"]

1.e4 c5 2.Nf3 Nc6 3.Nc3 e5 4.g3 d6 5.Bg2 Be7 6.Nd5 Nf6 7.Nxe7 Qxe7 8.d3 h6
9.O-O Bg4 10.h3 Be6 11.c3 O-O 12.Nh4 d5 13.Qf3 dxe4 14.dxe4 Nh7 15.Nf5 Qf6
16.Qe3 Bc4 17.Re1 b6 18.b3 Ba6 19.Bb2 Rad8 20.h4 Rd3 21.Qc1 Bb7 22.Ne3 Rdd8
23.Nd5 Qe6 24.f4 f5 25.exf5 Qxf5 26.c4 Qg4 27.Qc3 Nf6 28.Nxf6+ gxf6 29.fxe5 fxe5
30.Re4 Rd1+ 31.Rxd1 Qxd1+ 32.Re1 Qd4+ 33.Qxd4 cxd4 34.Bd5+ Kg7 35.Bxc6 Bxc6
36.Rxe5 Re8 37.Rxe8 Bxe8 38.Bxd4+ Kg6 39.Kf2 Kf5 40.Ke3 h5 41.a4 Bc6 42.a5 Kg4
43.axb6 axb6 44.Bxb6 Kxg3 45.Bd8 Kg4 46.b4 Kf5  1-0

[Event "29th Guernsey Open"]
[Site "Les Dicqs GCI"]
[Date "2003.10.21"]
[Round "3"]
[White "Dorrington,C"]
[Black "Bellin,R"]
[Result "0-1"]
[WhiteElo "2175"]
[BlackElo "2383"]

1.e4 c5 2.Nc3 Nc6 3.Nge2 d6 4.d4 cxd4 5.Nxd4 Nf6 6.Bc4 Bd7 7.O-O g6 8.Be3 Bg7
9.h3 O-O 10.Bb3 Na5 11.Qe2 a6 12.Rad1 b5 13.Bg5 h6 14.Bc1 e5 15.Nf3 Nxb3
16.axb3 b4 17.Nd5 Bb5 18.Nxf6+ Qxf6 19.Qd2 Bxf1 20.Kxf1 a5 21.Qxd6 Qxd6 22.Rxd6 Rfc8
23.Ne1 a4 24.bxa4 Rxa4 25.Bd2 b3 26.cxb3 Rxe4 27.f3 Rd4 28.Rxd4 exd4 29.Ke2 f5
30.Kd3 Kf7 31.Nc2 Ke6 32.Nxd4+ Bxd4 33.Kxd4 Rc2 34.Bxh6 Rxg2 35.h4 Rxb2 36.Kc4 Kd6
37.f4 Kc6 38.Bg7 Re2 39.Bh6 Re4+ 40.Kd3 Kb5 41.Kc3 Kc5 42.Bf8+ Kc6 43.Bh6 Kb5
44.Kb2 Re3 45.Kc2 Kc5 46.Bf8+ Kd4 47.Bg7+ Ke4 48.Bh6 Rd3 49.Bg5 Rh3 50.Kb2 Kd3
51.Bf6 Rf3 52.Bg5 Rf2+ 53.Ka3 Kc3 54.Bf6+ Kc2 55.Bg5 Rf3 56.Kb4 Rxb3+ 57.Kc5 Rd3  0-1

[Event "21st Muensterland Open"]
[Site "Senden GER"]
[Date "2003.10.22"]
[Round "7"]
[White "Nevednichy,V"]
[Black "Horvath,P1"]
[Result "1/2-1/2"]
[WhiteElo "2575"]
[BlackElo "2457"]

1.e4 c5 2.Nf3 Nc6 3.Nc3 e5 4.Bc4 Be7 5.d3 d6 6.O-O h6 7.Nd5 Nf6 8.c3 O-O
9.a4 Nxd5 10.Bxd5 Bg4 11.h3 Bh5 12.g4 Bg6 13.Be3 Qd7 14.Nd2 Bf6 15.Nc4 Bd8
16.Qb3 h5 17.f3 Rb8 18.Qb5 Bc7 19.Kh2 Kh8 20.f4 exf4 21.Rxf4 Qe7 22.gxh5 Bxh5
23.Rg1 Nd8 24.Rf5 g6 25.Rxh5+ gxh5 26.Rg5 Ne6 27.Rxh5+ Kg8 28.Qb3 Ng7 29.Rg5 Bd8
30.Qd1 Qxg5 31.Bxg5 Bxg5 32.Qg4 Bf6 33.Qg6 Be5+ 34.Kg2 b5 35.axb5 Rxb5 36.h4 Kh8
37.Bxf7 Bf4 38.Bd5 Rbb8 39.h5 Ne8 40.h6 Rc8 41.Bf7 Rc7 42.Bxe8 Rg8 43.Kf3 Rxg6
44.Bxg6 Bxh6 45.Nxd6 Bc1 46.Nc4 Kg7 47.Be8 Rb7 48.Na5 Rb8 49.Bd7 Bxb2 50.e5 Bxc3
51.Nc6 Rb6 52.Ke4 Rxc6 53.Bxc6 Kf7 54.Kd5 Ke7  1/2-1/2

[Event "300 Years"]
[Site "St Petersburg RUS"]
[Date "2003.10.22"]
[Round "5"]
[White "Savchenko,B"]
[Black "Brodsky,M"]
[Result "1/2-1/2"]
[WhiteElo "2488"]
[BlackElo "2559"]

1.e4 c5 2.Nf3 Nc6 3.Nc3 d6 4.d4 cxd4 5.Nxd4 Nf6 6.Bg5 Qb6 7.Nb3 e6 8.Qf3 Be7
9.O-O-O O-O 10.Be2 Rd8 11.Qg3 a6 12.h4 Qc7 13.h5 Ne8 14.a4 b6 15.f4 Bxg5
16.Qxg5 Qe7 17.Qxe7 Nxe7 18.Rd4 Nc6 19.Rc4 Bb7 20.Rd1 Kf8 21.Nd4 Rdc8 22.Nxc6 Bxc6
23.Rb4 Rcb8 24.Rc4 Rc8 25.Rb4 Rcb8 26.Rc4  1/2-1/2

[Event "WYb18"]
[Site "Halkidiki GRE"]
[Date "2003.10.23"]
[Round "1"]
[White "Gajewski,G"]
[Black "Karlsson,B"]
[Result "1-0"]
[WhiteElo "2462"]
[BlackElo "2195"]

1.e4 c5 2.Nc3 Nc6 3.Bb5 Nd4 4.Bc4 e6 5.Nge2 Ne7 6.Nxd4 cxd4 7.Ne2 Nc6 8.O-O g6
9.b4 d5 10.exd5 exd5 11.Bb3 Bxb4 12.Bb2 Bc5 13.Nf4 O-O 14.Nxd5 Ne5 15.Qe2 Re8
16.Qb5 Nd7 17.Rae1 Rxe1 18.Rxe1 a6 19.Qd3 Nf6 20.Bxd4 Bxd4 21.Qxd4 Nxd5 22.Qxd5 Qxd5
23.Re8+ Kg7 24.Bxd5 Rb8 25.c4  1-0

[Event "300 Years"]
[Site "St Petersburg RUS"]
[Date "2003.10.23"]
[Round "6"]
[White "Turov,M"]
[Black "Miroshnichenko,E"]
[Result "1-0"]
[WhiteElo "2509"]
[BlackElo "2571"]

1.e4 c5 2.Nc3 Nc6 3.Bb5 Nd4 4.Bc4 e6 5.Nf3 Ne7 6.Nxd4 cxd4 7.Ne2 Nc6 8.O-O Bc5
9.d3 O-O 10.Bb3 b5 11.f4 d5 12.Ng3 dxe4 13.Nxe4 Bb6 14.Qh5 g6 15.Qxb5 Na5
16.f5 gxf5 17.Bg5 f6 18.Nxf6+ Rxf6 19.Bxf6 Qxf6 20.Rxf5 Ba6 21.Qxa5  1-0

[Event "LXVIII ch-ESP Abierto"]
[Site "Burgos ESP"]
[Date "2003.10.24"]
[Round "1"]
[White "Saldana Caballe,E"]
[Black "Fernandez Romero,Ern"]
[Result "0-1"]
[WhiteElo "2111"]
[BlackElo "2445"]

1.e4 c5 2.Nf3 Nc6 3.Nc3 d6 4.Bb5 Bd7 5.O-O g6 6.Re1 Bg7 7.h3 e5 8.d3 Nge7
9.Bg5 h6 10.Bxc6 bxc6 11.Be3 f5 12.exf5 gxf5 13.Nh4 O-O 14.f4 Nd5 15.Nxd5 cxd5
16.Bf2 Qf6 17.c3 Rab8 18.Rb1 d4 19.cxd4 cxd4 20.Nf3 Rfe8 21.b3 Rbc8 22.Rc1 Qf7
23.Rxc8 Bxc8 24.Qc2 Bb7 25.fxe5 dxe5 26.Qc4 Bd5 27.Qc5 Qb7 28.Nh4 Bf8 29.Qc1 Qf7
30.Qd1 Bg7 31.Kh2 Kh8 32.Nf3 Bf6 33.Qc1 Qg7 34.Rg1 e4 35.dxe4 fxe4 36.Nxd4 e3
37.Nf5 Qg5 38.Nxh6 exf2  0-1

[Event "WYb16"]
[Site "Halkidiki GRE"]
[Date "2003.10.24"]
[Round "2"]
[White "Ponkratov,P"]
[Black "Bykhovsky,An ISR"]
[Result "1-0"]
[WhiteElo "2360"]
[BlackElo "2216"]

1.e4 c5 2.Nf3 Nc6 3.Nc3 Nf6 4.e5 Ng4 5.Qe2 d6 6.exd6 Qxd6 7.d4 Nxd4 8.Nxd4 cxd4
9.Nb5 Qb6 10.Qc4 Kd8 11.Be2 e5 12.Qd5+ Bd7 13.a4 Qc6 14.Qxf7 a6 15.O-O Nf6
16.Bg5 h6 17.Bh4 g5 18.Bg3 Be8 19.Qb3 Nd7 20.Bf3 Qb6 21.Na3 Qxb3 22.cxb3 Bf7
23.Nc4 Bxc4 24.bxc4 Rb8 25.Rfe1 Bd6 26.c5 Bc7 27.b4 Re8 28.a5 Nf6 29.Rad1 Kd7
30.Rd2 Re7 31.h3 h5 32.Kf1 g4 33.Bd1 Rf8 34.Ba4+ Kc8 35.Bb3 Ne8 36.Kg1 Ng7
37.hxg4 hxg4 38.Rxd4 exd4 39.Rxe7 Bxg3 40.fxg3 Nh5 41.Be6+ Kb8 42.Bxg4 Nxg3
43.Bf3 Kc8 44.Kf2 Nh5 45.Re4 d3 46.Rd4 Nf4 47.Ke3  1-0

[Event "WYb16"]
[Site "Halkidiki GRE"]
[Date "2003.10.24"]
[Round "2"]
[White "Deepan,C"]
[Black "Priborsky,J"]
[Result "1-0"]
[WhiteElo "2371"]
[BlackElo "2220"]

1.e4 c5 2.Nf3 Nc6 3.Nc3 e5 4.Bc4 Be7 5.d3 d6 6.O-O Nf6 7.Ng5 O-O 8.f4 exf4
9.Bxf4 h6 10.Nf3 Be6 11.Nd5 Bxd5 12.Bxd5 Nxd5 13.exd5 Nb4 14.c4 Bf6 15.a3 Na6
16.Rb1 Re8 17.Kh1 b5 18.Nd2 Be5 19.Bxe5 Rxe5 20.Qf3 Qd7 21.cxb5 Nc7 22.Nc4 Re7
23.b6 Nb5 24.Qf4 Rd8 25.a4 Nd4 26.b4 Qb7 27.bxc5 dxc5 28.Na5 Qxd5 29.b7 Re2
30.Rg1 Ne6 31.Qg3 c4 32.b8=Q Qxa5 33.dxc4 Rxb8 34.Rxb8+ Nd8 35.Qd6 Re8 36.c5 Kh7
37.c6 Re1 38.Qd3+ g6 39.Rxd8 Rxg1+ 40.Kxg1 Qc5+ 41.Kh1 Qxc6 42.h3 Qc1+ 43.Qd1 Qc4
44.Qd4 Qc1+ 45.Kh2 Qc7+ 46.Qd6  1-0

[Event "300 Years Women"]
[Site "St Petersburg RUS"]
[Date "2003.10.24"]
[Round "7"]
[White "Borisova,E"]
[Black "Shushpanova,N"]
[Result "1/2-1/2"]
[WhiteElo "2156"]
[BlackElo "2079"]

1.e4 c5 2.Nc3 Nc6 3.Nf3 g6 4.d4 cxd4 5.Nxd4 Bg7 6.Be3 Nf6 7.Bc4 O-O 8.Qd2 Nxe4
9.Nxe4 d5 10.Nxc6 bxc6 11.O-O-O Bf5 12.Nc5 dxc4 13.Qe2 Qb8 14.c3 Bxc3 15.bxc3 Qb1+
16.Kd2 Rfd8+ 17.Ke1 Rxd1+ 18.Qxd1 Qxa2 19.g4 Bd3 20.Nxd3 cxd3 21.Kf1 Qd5
22.f3 a5 23.Kf2 Rb8 24.Qd2 a4 25.Ra1 a3 26.Rxa3 Qd6 27.Bf4 e5 28.Ra4 exf4
29.Rd4 Qa3 30.Qxf4 Qb2+ 31.Kg3 Qb1 32.Qe3 Qb6 33.Rxd3 Qc7+ 34.f4 Rd8 35.Rxd8+ Qxd8
36.Qe4 Qb6 37.Qe8+ Kg7 38.Qe5+ Kg8 39.Qe8+ Kg7 40.Qe5+ Kg8 41.Kf3 Qg1 42.Qe8+ Kg7
43.Qe5+  1/2-1/2

[Event "LXVIII ch-ESP Abierto"]
[Site "Burgos ESP"]
[Date "2003.10.25"]
[Round "2"]
[White "Aguera Naredo,J"]
[Black "Fernandez de Pablo,M"]
[Result "1-0"]
[WhiteElo "2376"]
[BlackElo "2209"]

1.e4 c5 2.Nf3 Nc6 3.Nc3 Nf6 4.Bb5 e5 5.Bxc6 dxc6 6.d3 Bd6 7.h3 h6 8.Be3 Be6
9.Qd2 Qc7 10.Nh4 O-O-O 11.Qe2 Rhe8 12.g4 Ng8 13.Nf5 Bf8 14.Bd2 g6 15.Ne3 Ne7
16.O-O-O b5 17.b3 Kb7 18.Kb2 Nc8 19.a4 a6 20.Ra1 Nd6 21.Rhb1 b4 22.Ncd1 f5
23.f3 Qd7 24.Be1 h5 25.Nf2 Bh6 26.Rd1 hxg4 27.hxg4 Bf4 28.Nc4 Rh8 29.exf5 gxf5
30.gxf5 Bxf5 31.Ne4 Bxe4 32.Nxd6+ Qxd6 33.dxe4 Qe6 34.Bf2 Rxd1 35.Rxd1 Rh2
36.Qe1 Qe7 37.Qg1 Kb6 38.a5+ Kxa5 39.Bxc5 Qb7 40.Qf1  1-0

[Event "LXVIII ch-ESP Abierto"]
[Site "Burgos ESP"]
[Date "2003.10.25"]
[Round "2"]
[White "Lopez Gracia,F"]
[Black "Llaneza Vega,P"]
[Result "1-0"]
[WhiteElo "2360"]
[BlackElo "2190"]

1.e4 c5 2.Nf3 Nc6 3.Nc3 d6 4.d4 cxd4 5.Nxd4 e5 6.Nde2 Be7 7.Nd5 Be6 8.Nec3 h6
9.Bc4 Nf6 10.O-O O-O 11.Qd3 Rc8 12.Bb3 Bxd5 13.Nxd5 Nxd5 14.Qxd5 Bg5 15.c3 Bxc1
16.Raxc1 Qc7 17.Rcd1 Rcd8 18.Rd3 a6 19.Rfd1 b5 20.Rg3 Ne7 21.Qd2 Kh7 22.Rd3 Nc8
23.a4 bxa4 24.Bxa4 Qc4 25.Bc2 Kh8 26.Rd5 Rfe8 27.Qd3 Qxd3 28.R5xd3 Re7 29.Ra1 Ra7
30.Ra5 Ne7 31.g3 g6 32.b4 Rdd7 33.Ba4 Rdc7 34.Rxd6 Kg7 35.Rd3 f6 36.Rd6 Rxc3
37.b5 Rc4 38.Rdxa6 Rb7 39.Ra7 Rcc7 40.b6  1-0

[Event "WYb14"]
[Site "Halkidiki GRE"]
[Date "2003.10.26"]
[Round "4"]
[White "Melkumyan,H"]
[Black "Abel,D"]
[Result "0-1"]
[WhiteElo "2343"]
[BlackElo "2139"]

1.e4 c5 2.Nf3 Nc6 3.Nc3 g6 4.Bc4 Bg7 5.O-O e5 6.d3 Nge7 7.a3 O-O 8.Rb1 d6
9.Nd5 Nxd5 10.Bxd5 Ne7 11.Bg5 h6 12.Bxe7 Qxe7 13.b4 Rb8 14.Nd2 Kh7 15.a4 f5
16.bxc5 dxc5 17.a5 f4 18.f3 g5 19.Qe2 Rf6 20.Kh1 Rg6 21.Rg1 h5 22.g4 fxg3
23.Rxg3 Bh6 24.Rf1 Bd7 25.Nc4 Rf6 26.Ne3 Kh8 27.Bc4 Bc6 28.Rfg1 Rbf8 29.Rxg5 Bxg5
30.Rxg5 Rh6 31.Qg2 Bd7 32.Nd5 Qh7 33.Qg3 Re8 34.Rxe5 Rxe5 35.Qxe5+ Qg7 36.Qb8+ Kh7
37.Nf4 h4 38.d4 h3 39.Bd3 Qxd4 40.Ne2 Qa1+ 41.Ng1 Rg6  0-1

[Event "300 Years Women"]
[Site "St Petersburg RUS"]
[Date "2003.10.26"]
[Round "9"]
[White "Stjazhkina,O"]
[Black "Zigangirova,S"]
[Result "1-0"]
[WhiteElo "2359"]
[BlackElo "2238"]

1.e4 c5 2.Nc3 Nc6 3.Bb5 Nd4 4.Bc4 e6 5.Nf3 a6 6.Nxd4 cxd4 7.Ne2 Nf6 8.d3 Bc5
9.Bg5 Qa5+ 10.Bd2 Qd8 11.b4 Ba7 12.Bg5 h6 13.Bh4 b5 14.Bb3 Bb7 15.O-O d5
16.e5 g5 17.Bg3 Nh5 18.f4 Nxg3 19.Nxg3 gxf4 20.Nh5 Qg5 21.Qe2 f3 22.Qxf3 Qe3+
23.Kh1 Qxf3 24.gxf3 Ke7 25.Nf6 Bb6 26.a4 bxa4 27.Bxa4 a5 28.Rfb1 Ra7 29.Rb3 axb4
30.Rxb4 Bc7 31.Rab1 Ba6 32.f4 Ba5 33.Rb8 Ra8 34.Be8 Ra7 35.Bc6 Rd8 36.Ng8+ Kf8
37.Rxd8+ Bxd8 38.Nxh6 Kg7 39.Ng4 Be7 40.Ba4 Rb7 41.Rxb7 Bxb7 42.Bd7 Kg6 43.Kg2 Bh4
44.Kf3 Ba6 45.h3 Bb7 46.Nh2 Kf5 47.Be8 f6 48.Ng4 fxe5 49.Nxe5 Bd8 50.Bg6+ Kf6
51.Bh5 Bc7 52.Nd7+ Ke7 53.Ne5 Kf6 54.Kg4 Ba6 55.Nd7+ Ke7 56.Nc5 Bb5 57.Kg5 Bb6
58.Nb3 Bd7 59.h4 Kf8 60.Bg6 Bd8+ 61.Kg4 e5+ 62.Bf5 Bxf5+ 63.Kxf5 exf4 64.Kxf4 Bxh4
65.Ke5 Ke7 66.Kxd5 Bf6 67.Nxd4 Kd7 68.c4  1-0

[Event "LXVIII ch-ESP Abierto"]
[Site "Burgos ESP"]
[Date "2003.10.27"]
[Round "4"]
[White "Lopez Gracia,F"]
[Black "Fernandez de Pablo,M"]
[Result "1-0"]
[WhiteElo "2360"]
[BlackElo "2209"]

1.e4 c5 2.Nf3 Nc6 3.Nc3 Nf6 4.Bb5 e5 5.Bxc6 dxc6 6.Nxe5 Nxe4 7.Nxe4 Qd4 8.O-O Qxe5
9.d3 Be7 10.Bd2 O-O 11.Bc3 Qd5 12.Qf3 f5 13.Nd2 Be6 14.Rfe1 Rae8 15.Qxd5 Bxd5
16.Nc4 f4 17.Kf1 b5 18.Nd2 Rf5 19.Re5 Rxe5 20.Bxe5 g5 21.b3 Bf8 22.Bb2 g4
23.c4 Bxg2+ 24.Kxg2 Re2 25.Rd1 f3+ 26.Kf1 Bd6 27.Bc1 Bxh2 28.Re1 g3 29.fxg3  1-0

[Event "LXVIII ch-ESP Abierto"]
[Site "Burgos ESP"]
[Date "2003.10.27"]
[Round "4"]
[White "Garrido Dominguez,J"]
[Black "Zarzo Lopez,T"]
[Result "1-0"]
[WhiteElo "2191"]
[BlackElo "2249"]

1.e4 c5 2.Nf3 Nc6 3.Nc3 e6 4.d3 d6 5.Be3 Nf6 6.Qd2 Be7 7.Be2 e5 8.Bg5 Ng4
9.Nd5 Bxg5 10.Nxg5 h6 11.Nf3 Nf6 12.Ne3 Nd4 13.c3 Nxf3+ 14.Bxf3 O-O 15.g4 Be6
16.h4 Nh7 17.Ke2 f6 18.Rag1 g5 19.hxg5 hxg5 20.Rh6 Rf7 21.c4 Nf8 22.Nd5 Bxd5
23.exd5 Rh7 24.Rxh7 Kxh7 25.Be4+ Kg7 26.Rh1 Qe8 27.b4 b6 28.bxc5 bxc5 29.Qa5 Qb8
30.Kf3 Ng6 31.Bxg6 Kxg6 32.Qa4 Qc8 33.Qc2 f5 34.Kg2 Qd7 35.d4 Re8 36.gxf5+ Kf6
37.dxc5 e4 38.Qc3+ Re5 39.Rh6+ Kxf5 40.Qh3+  1-0